| 000 | 00750nam a2200217 a 4500 | ||
|---|---|---|---|
| 001 | BRCA_1534 | ||
| 005 | 20190320203449.0 | ||
| 008 | 020201s2000 mx-a---##b---#000-0#spa-# | ||
| 020 | _a9706970010 | ||
| 040 |
_aDLC _cDLC |
||
| 050 | 4 |
_aNX514.C4 _b.A78 2000 |
|
| 245 | 1 | 0 |
_aArte virreinal y del siglo XIX de Chiapas. _ccoordinación Roberto Sepúlveda. |
| 260 |
_aMéxico _bCONACULTA : Consejo Estatal para la Cultura y las Artes de Chiapas _c2000 |
||
| 300 |
_a351 p. _bil. a color _c31 cm. |
||
| 504 | _aBibliografía: p. 345-350 | ||
| 650 | 1 | 4 |
_aArte colonial _zMéxico _94951 |
| 650 | 1 | 4 |
_aArte mexicano _ySiglo XIX _94705 |
| 650 | 1 | 4 |
_aArte cristiano y simbolismo _ySiglo XIX _zMéxico _94952 |
| 700 | 1 |
_aSepúlveda, Roberto _94953 |
|
| 942 |
_2lcc _cB |
||
| 999 |
_c1381 _d1381 |
||